Central Library OPAC University of Rajshahi

রামগড় / (Record no. 56296)

MARC details
000 -LEADER
fixed length control field 00808nam a2200229 a 4500
001 - CONTROL NUMBER
control field 56296
003 - CONTROL NUMBER IDENTIFIER
rucl marc code BD-RjUL
005 - DATE AND TIME OF LATEST TRANSACTION
control field 20211209080358.0
008 - FIXED-LENGTH DATA ELEMENTS--GENERAL INFORMATION
fixed length control field 161128s1958 ii ||||| |||| 00| 0 ben d
035 ## - SYSTEM CONTROL NUMBER
System control number (BD-RjUL)56420
040 ## - CATALOGING SOURCE
Original cataloging agency BD-RjUL
Language of cataloging ben
Transcribing agency BD-RjUL
Modifying agency BD-RjUL
041 ## - LANGUAGE CODE
Language code of text/sound track or separate title ben
082 ## - DEWEY DECIMAL CLASSIFICATION NUMBER
Classification number 891.443
Author mark and year DER 1958
Edition number 23
100 ## - MAIN ENTRY--PERSONAL NAME
Personal name দেবী, অনুরুপা
9 (RLIN) 117069
245 10 - TITLE STATEMENT
Title রামগড় /
Statement of responsibility, etc. অনুরুপা দেবী
250 ## - EDITION STATEMENT
Edition statement ২য় সং.
260 ## - PUBLICATION, DISTRIBUTION, ETC. (IMPRINT)
Place of publication, distribution, etc. কলিকাতা :
Name of publisher, distributor, etc. গুরুদাস চট্টোপাধ্যায় এন্ড সন্স,
Date of publication, distribution, etc. ১৯৫৮
300 ## - PHYSICAL DESCRIPTION
Pagination ২৪০ পৃ. ;
Size ২৩ সেমি.
650 ## - SUBJECT ADDED ENTRY--TOPICAL TERM
Topical term or geographic name as entry element বাংলা উপন্যাস
9 (RLIN) 116625
Topical term or geographic name as entry element Bengali Fictions
9 (RLIN) 116586
942 ## - ADDED ENTRY ELEMENTS (KOHA)
Source of classification or shelving scheme Dewey Decimal Classification
Koha item type Books
Holdings
Lost status Source of classification or shelving scheme Damaged status Not for loan Collection code Permanent Location Current Location Shelving location Date acquired Source of acquisition Cost, normal purchase price Total Checkouts Full call number Date last seen Copy number Koha item type
  Dewey Decimal Classification     Fiction Central Library, University of Rajshahi Central Library, University of Rajshahi   02/10/1959 N/A 4.00   B 891.443 DER 1958 28/11/2016 C-2 Books